书目信息 |
| 题名: |
临终岁月
|
|
| 作者: | 李麟 编著 | |
| 分册: | 下册 | |
| 出版信息: | 北京 国际文化出版公司 1996 |
|
| 页数: | 371页 | |
| 开本: | 20cm | |
| 丛书名: | ||
| 单 册: | ||
| 中图分类: | K812.5 | |
| 科图分类: | ||
| 主题词: | 名人--生平事迹--世界--现代 , 名人 | |
| 电子资源: | ||
| ISBN: | 7-80105-524-1 | |
| 000 | 00667nam0 2200229 450 | |
| 001 | 1233369300 | |
| 005 | 20121013092154.73 | |
| 010 | @a7-80105-524-1@dCNY18.40 | |
| 100 | @a19971216d1996 em y0chiy0110 ea | |
| 101 | 0 | @achi |
| 102 | @aCN@b110000 | |
| 105 | @af z 000yd | |
| 200 | 1 | @a临终岁月@Alin zhong sui yue@e20世纪风云人物@f李麟编著@h下册 |
| 210 | @a北京@c国际文化出版公司@d1996@h1997印 | |
| 215 | @a371页@c照片@d20cm | |
| 517 | 1 | @a20世纪风云人物@A20 shi ji feng yun ren wu |
| 606 | 0 | @a名人@x生平事迹@y世界@z现代 |
| 606 | 0 | @a名人 |
| 690 | @aK812.5@v3 | |
| 701 | 0 | @a李麟@Ali lin@4编著 |
| 801 | 0 | @aCN@bNLC@c20101222 |
| 905 | @a10447@dK812.5@eJY33:2 | |
| 临终岁月:20世纪风云人物/李麟编著.下册.-北京:国际文化出版公司,1996(1997印) |
| 371页:照片;20cm |
| ISBN 7-80105-524-1:CNY18.40 |
| ● |
| 相关链接 |
|
|
|
|
正题名:临终岁月
索取号:K812.5/JY33:2
 
预约/预借
| 序号 | 登录号 | 条形码 | 馆藏地/架位号 | 状态 | 备注 |
| 1 | 7822187 | 278221871 | 学院路分馆/ [索取号:K812.5/JY33:2] | 在馆 | |
| 2 | 7822188 | 278221880 | 学院路分馆/ [索取号:K812.5/JY33:2] | 在馆 | |
| 3 | 7822189 | 278221899 | 学院路分馆/ [索取号:K812.5/JY33:2] | 在馆 | |
| 4 | 7822190 | 278221906 | 学院路分馆/ [索取号:K812.5/JY33:2] | 在馆 |